000 00516nam a2200181Ia 4500
005 20250508155116.0
008 008 250505s9999 xx 000 0 eng d
037 _aTextual
040 _aFEDL
_beng
_cFEDL
041 _aeng
_2eng
084 _a362.954, GAF
_qFEDL
100 _aGafoor Syed Khaja Abdul
_9766690
245 0 _aSocial and tribal welfare
260 _aHyderabad, India
_bGovernment of Hyderabad
_c1951
300 _a91p
942 _cTEXL
_h362.954, GAF
999 _c1354293
_d1354293